00439nam a2200181 a 450000100060000000300090000600800410001502000150005604000280007108200090009910000180010824500160012626000230014230000100016550500160017565000360019165000300022723009CO-ViMGA141112s2004 ck r 000 u spa d a9580468672 aCO-ViMGAbspacCO-ViMGA04aSCIa1 aScieszka, Jon10aAy, Samuray aColombia : bNorma a120p. aAy, Samuray14aNOVELA INFANTIL ESTADOUNIDENSE 14aSAMURAI - NOVELA INFANTIL